000
00269nam a2200109Ia 4500
008
220216s9999 xx 000 0 und d
245
0
_a
Hankook looks to keep momentum going
260
_b
The Rubber International
_c
2013
300
_a
63
650
_a
Rubber
942
_c
JS
999
_c
60218
_d
60218